• 首页
  • 本馆介绍
  • 公告通知
  • 最新文献
  • 馆藏检索
  • 电子资源
  • 读者荐购
  • 参考咨询
  • CALIS
  • 我的图书馆
  • 登录
  • 详细信息显示
  • 放入我的书架
  • 预约/预借图书
  • 作者相关作品
  • 分类相关作品
  • 丛书相关作品
  • 出版社相关作品

书目信息

  • 表格格式
  • 工作单格式
  • 卡片格式
题名:
最后的通辑令
    
 
作者: 薛家柱 , 张邦友 著
分册:  
出版信息: 青岛   青岛出版社  1997.01
页数: 298页
开本: 32开
丛书名:
单 册:
中图分类: I247.5
科图分类:
主题词: 小说--中国
电子资源:
ISBN: 7-5436-1526-6
 
 
 
 
 
000 00584nam0 2200205 45
001 0011021185
005 20001102114212.7
010    @a7-5436-1526-6@d11.50元
100    @a20001102d1997 km y0chiy0120 ea
101 0  @achi
105    @a z 000yy
200 1  @a最后的通辑令@AZui Hou De Tong Ji Ling@f薛家柱,张邦友著@FXue Jia Zhu,Zhang Bang You Zhu
210    @a青岛@c青岛出版社@d1997.01
215    @a298页@d32开
606 0  @a小说@x中国
690    @aI247.5@v3
701  0 @a薛家柱@4著
701  0 @a张邦友@4著
801    @aCN@bPftUser@c20001102
905    @b196361-362@dI247.5@eX967@f2
    
    最后的通辑令/薛家柱,张邦友著.-青岛:青岛出版社,1997.01
    298页;32开
    
    
    ISBN 7-5436-1526-6:11.50元
    
●
相关链接 在E读中查询图书 在当当中查询图书 在豆瓣中查询图书


正题名:最后的通辑令     索取号:I247.5/X967         预约/预借

序号 登录号 条形码 馆藏地/架位号 状态 备注
1 196361   201963615   文学库108/ [索取号:I247.5/X967] 在馆    
2 196362   201963624   社科二线422/422社科库 6排1列5层/ [索取号:I247.5/X967] 在馆    
河南城建学院图书馆 欢迎您!
大连网信软件有限公司© 版权所有